| 000 | 01449nam a2200361 a 4500 | ||
|---|---|---|---|
| 001 | ebr10681048 | ||
| 003 | CaPaEBR | ||
| 006 | m u | ||
| 007 | cr cn||||||||| | ||
| 008 | 100621s2010 nyu sb 001 0 eng d | ||
| 010 | _z 2010022734 | ||
| 020 | _z9781616688660 (softcover) | ||
| 020 | _z9781617284618 (e-book) | ||
| 040 |
_aCaPaEBR _cCaPaEBR |
||
| 035 | _a(OCoLC)782906058 | ||
| 050 | 1 | 4 |
_aQC173.4.P67 _bB67 2010eb |
| 082 | 0 | 4 |
_a620.1/16 _222 |
| 100 | 1 | _aBorman, V. D. | |
| 245 | 1 | 0 |
_aEnergetics and percolation properties of hydrophobic nanoporous media _h[electronic resource] / _cV.D. Borman and V.N. Tronin. |
| 260 |
_aHauppauge, N.Y. : _bNova Science Publishers, _cc2010. |
||
| 300 | _a47 p. | ||
| 490 | 1 | _aNanotechnology science and technology | |
| 504 | _aIncludes bibliographical refereces (p. [41]-44) index. | ||
| 533 |
_aElectronic reproduction. _bPalo Alto, Calif. : _cebrary, _d2013. _nAvailable via World Wide Web. _nAccess may be limited to ebrary affiliated libraries. |
||
| 650 | 0 |
_aPorous materials _xTransport properties. |
|
| 650 | 0 | _aHydrophobic surfaces. | |
| 650 | 0 | _aPercolation (Statistical physics) | |
| 655 | 7 |
_aElectronic books. _2local |
|
| 700 | 1 | _aTronin, V. N. | |
| 710 | 2 | _aebrary, Inc. | |
| 830 | 0 | _aNanotechnology science and technology series. | |
| 856 | 4 | 0 |
_uhttp://site.ebrary.com/lib/rucke/Doc?id=10681048 _zAn electronic book accessible through the World Wide Web; click to view |
| 999 |
_c60381 _d60381 |
||